00694nam a2200241 a 4500001001300000003000900013005001700022008004100039020000900080082001700089100002000106245003900126260004000165300000900205500003500214505001000249650002700259700002000286902000800306942000700314952011600321999001500437nice12345678IN_TiNIC20260116012652.0050524s1981 dela grp 000 0 urd  ac1800a297.297bQUT aQutb, Syed Mohd aIslam Awr Jadeed Zahen Ke Shubhaat aDelhibMarkazi Maktaba Islamic1981 a355p aincludes index and biblioraphy2 aIndex aIslam-Apologetic Works1 aQutb, Syed Mohd bSRS cBK 001040708StackRoom-aHMIbHMId2007-07-26g18.00l0o297.297 QUTp010480r2007-07-26v18.00w2005-05-24yBK c7871d7871